ბათუმის შოთა რუსთაველის სახელმწიფო უნივერსიტეტის ბიბლიოთეკა

სოციალური სამართლის სახელმძღვანელო / (ბიბ.ჩანაწერი № 61390)

000 -ლიდერი
ფიქსირებული სიგრძის საკონტროლო ველი 01607nam a22002417a 4500
003 - საკონტროლო ნომრის იდენტიფიკატორი
საკონტროლო ველი Ge_BSU
005 - ბოლო ოპერაციის თარიღი და დრო
საკონტროლო ველი 20240305120435.0
008 - ფიქსირებული სიგრძის მონაცემთა ელემენტები - ზოგადი ინფორმაცია
ფიქსირებული სიგრძის საკონტროლო ველი 240305s2023 ge ||||| |||| 00| 0 geo d
020 ## - წიგნის საერთაშორისო სტანდარტული ნომერი
International Standard Book Number 9789941855498
041 ## - ენის კოდი
Language code of text/sound track or separate title geo
080 ## - უნივერსალური ათობითი კლასიფიკაციის ინდექსი
Universal Decimal Classification number 342(479.22)+364 ფ-64
100 ## - მთავარი ჩანაწერი - პიროვნების სახელი
Personal name ფირცხალაშვილი, ანა
9 (RLIN) 8126
245 ## - ცნობა სათაურის შესახებ
Title სოციალური სამართლის სახელმძღვანელო /
Statement of responsibility, etc ანა ფირცხალაშვილი, ეკატერინე ქარდავა, პაატა ტურავა; რედაქტორი ანა ფირცხალაშვილი.
264 ## - წარმოების, გამოცემის, დისტრიბუციის და სხვა ცნობები
გამოცემის, წარმოების, დისტრიბუციის... ადგილი თბილისი :
გამოცემის, წარმოების, დისტრიბუციის... სახელწოდება ფრიდრიხ ებერტის ფონდი,
გამოცემის, წარმოების, დისტრიბუციის... თარიღი 2023.
300 ## - ფიზიკური აღწერა
Extent 412 გვ. ;
Other physical details 25 სმ.
500 ## - ზოგადი შენიშვნა
General note ნაშრომი მომზადებულია ფრიდრიხ ებერტის ფონდისა და საქართველოს ეროვნული უნივერსიტეტის სეუს მხარდაჭერით.
504 ## - BIBLIOGRAPHY, ETC. NOTE
Bibliography, etc ბიბლიოგრაფია ტექსტის შენიშვნებში და გვ. 389-399.
653 ## - INDEX TERM--UNCONTROLLED
Uncontrolled term სამართალი
700 ## - ADDED ENTRY--PERSONAL NAME
Personal name ქარდავა, პაატა
Relator term ავტორი
9 (RLIN) 21316
700 ## - ADDED ENTRY--PERSONAL NAME
Personal name ტურავა, პაატა
Relator term ავტორი
9 (RLIN) 21317
856 ## - ELECTRONIC LOCATION AND ACCESS
Uniform Resource Identifier https://dspace.nplg.gov.ge/bitstream/1234/478511/1/Socialuri_Samartlis_Saxelmdzghvanelo_2023.pdf
Link text ელ. ვერსია
942 ## - ADDED ENTRY ELEMENTS (KOHA)
Source of classification or shelving scheme
Koha item type წიგნი
ეგზემპლარები
ჩამოწერის სტატუსი დაკარგული ეგზემპლარის სტატუსი კლასიფიკაციის წყარო ან თაროზე გაწყობის სქემა დაზიანების სტატუსი არ გაიცემა მუდმივი მდებარეობა (დაცვის ადგილი) ამჟამინდელი ადგილსამყოფელი თაროზე განთავსების ადგილი შეძენის თარიღი ღირებულება, შესყიდვის ნორმალური ფასი სრული შენახვის შიფრი შტრიხკოდი ბოლო ოპერაციის თარიღი ეგზემპლარის მიმდევრობითი ნომერი (კეტერი?) Uniform Resource Identifier ფასის ძალაში შესვლის თარიღი ეგზემპლარის სახეობა საჯარო შენიშვნა
          ბათუმის შოთა რუსთაველის სახელმწიფო უნივერსიტეტის მთავარი ბიბლიოთეკა ბათუმის შოთა რუსთაველის სახელმწიფო უნივერსიტეტის მთავარი ბიბლიოთეკა წიგნსაცავი 2024-03-05 15.00 342(479.22)+364 ფ-64 67628 2024-03-05 67628 ნაჩუქარი 2024-03-05 წიგნი 15 ლ.
          ბათუმის შოთა რუსთაველის სახელმწიფო უნივერსიტეტის მთავარი ბიბლიოთეკა ბათუმის შოთა რუსთაველის სახელმწიფო უნივერსიტეტის მთავარი ბიბლიოთეკა წიგნსაცავი 2024-03-05 15.00 342(479.22)+364 ფ-64 67629 2024-03-05 67629 ნაჩუქარი 2024-03-05 წიგნი 15 ლ.